Easements of light: a synopsis of modern practice and a brief explanation of simplified methods of measuring day light and assessing compensation (Record no. 98092)

MARC details
000 -LEADER
fixed length control field 00782cam a2200193 4500
001 - CONTROL NUMBER
control field D14010
008 - FIXED-LENGTH DATA ELEMENTS--GENERAL INFORMATION
fixed length control field 090401t1938 xxu||||| |||| 00| 0 eng d
035 ## - SYSTEM CONTROL NUMBER
System control number (Sirsi) u94598
041 ## - LANGUAGE CODE
Language code of text/sound track or separate title eng
100 ## - MAIN ENTRY--PERSONAL NAME
Personal name Swarbrick, John
245 ## - TITLE STATEMENT
Title Easements of light: a synopsis of modern practice and a brief explanation of simplified methods of measuring day light and assessing compensation
260 ## - PUBLICATION, DISTRIBUTION, ETC.
Place of publication, distribution, etc. London
Name of publisher, distributor, etc. BT Batsford
Date of publication, distribution, etc. 1938
300 ## - PHYSICAL DESCRIPTION
Extent 73p.
Dimensions 24cm tall
350 ## - PRICE (NR) (BK AM CF MU VM SE) [OBSOLETE]
Price 0
520 ## - SUMMARY, ETC.
Summary, etc. Shelf 135
520 ## - SUMMARY, ETC.
Summary, etc. forms volume 3, summarizing volumes 1 (Easements of Light: Modern methods of computing compensation) & volume II (Easements of Light: Optical and photographic methods of assessing depreciation). Green/blue/teal marl hardbacks
942 ## - ADDED ENTRY ELEMENTS (KOHA)
Suppress in OPAC 0
Source of classification or shelving scheme Dewey Decimal Classification
948 ## - LOCAL PROCESSING INFORMATION (OCLC); SERIES PART DESIGNATOR (RLIN)
c (OCLC) 04/03/1997
Holdings
Withdrawn status Lost status Source of classification or shelving scheme Damaged status Not for loan Home library Current library Shelving location Date acquired Total Checkouts Full call number Barcode Date last seen Copy number Price effective from Koha item type
    Other/Generic Classification Scheme     Archives Archives Basement 27/07/2001   SHELF 135 30022403b 11/03/2025 1 06/08/2019 Book